Nietzsche, life as literature
Guardado en:
| Hovedforfatter: | |
|---|---|
| Format: | Bog |
| Sprog: | Spanish |
| Udgivet: |
Estados Unidos
Harvard University Press
c1985
|
| Fag: | |
| Tags: |
Tilføj Tag
Ingen Tags, Vær først til at tagge denne postø!
|
MARC
| LEADER | 00000nam a22000007a 4500 | ||
|---|---|---|---|
| 008 | 180828b xxu||||| |||| 00| 0 spa d | ||
| 020 | |a 0-674-62426-2 | ||
| 040 | |a cru BVZT | ||
| 090 | |a 100 N-2.3n | ||
| 100 | |a Nehamas, Alexander | ||
| 245 | |a Nietzsche, life as literature |c Alexander Nehamas | ||
| 260 | |a Estados Unidos |b Harvard University Press |c c1985 | ||
| 300 | |a 261 páginas | ||
| 630 | |l Inglés | ||
| 650 | 0 | |9 5 |a FILOSOFÍA | |
| 650 | 0 | |a FILOSOFÍA MODERNA |9 91 | |
| 650 | 0 | |9 145 |a Friedrich Wilhelm Nietzsche | |
| 999 | |c 30563 |d 30563 | ||
| 942 | |c 15 D |h 100 N-2.3n |2 z | ||



